Statistics for Goo Goo Dolls Discography

Click here to take the quiz!

General Stats

  • This quiz has been taken 9 times
    (3 since last reset)
  • The average score is 49 of 193

Answer Stats

AlbumSong% Correct
Dizzy Up the GirlAcoustic #3
100%
Transformers: Dark of the Moon - The AlbumAll That You Are
100%
GutterflowerBig Machine
100%
Dizzy Up the GirlBlack Balloon
100%
BoxesBoxes
100%
Dizzy Up the GirlBroadway
100%
Dizzy Up the GirlBullet Proof
100%
MagneticBulletproofAngel
100%
Dizzy Up the GirlDizzy
100%
Dizzy Up the GirlIris
100%
Let Love InLet Love In
100%
A Boy Named GooLong Way Down
100%
BoxesLong Way Home
100%
Miracle PillMiracle Pill
100%
Dizzy Up the GirlSlide
100%
Something for the Rest of UsSomething for the Rest of Us
100%
You Should Be HappyTattered Edge / You Should Be Happy
100%
GutterflowerWhat a Scene
100%
Let Love InWithout You Here
100%
Chaos in BloomYeah, I Like You
100%
Hold Me Up22 Seconds
50%
You Should Be Happy30k Feet
50%
Dizzy Up the GirlAll Eyes On Me
50%
Dizzy Up the GirlAmigone
50%
Superstar Car WashAnother Second Time Around
50%
Something for the Rest of UsAs I Am
50%
Miracle PillAutumn Leaves
50%
SingleBeautiful Lie
50%
Let Love InBecome
50%
Transformers: The AlbumBefore It's Too Late (Sam and Mikaela's Theme)
50%
It's Christmas All Over | Let Love InBetter Days
50%
Let Love InCan’t Let It Go
50%
Superstar Car WashCuz You're Gone
50%
Chaos in BloomDay After Day
50%
Magnetic
Come to Me
50%
Magnetic
Slow It Down
50%
Volume 2Don't Change
50%
Goo Goo Dolls(Don't Fear) The Reaper
50%
Dizzy Up the GirlExtra Pale
50%
Superstar Car WashFallin’ Down
50%
Let Love InFeel The Silence
50%
Dizzy Up the GirlFull Forever
50%
Chaos in BloomGoing Crazy
50%
Goo Goo DollsHammerin' Eggs
50%
Dizzy Up the GirlHate This Place
50%
GutterflowerHere is Gone
50%
Hold Me UpHey
50%
Something for the Rest of UsHey Ya
50%
Freddy's Dead: The Final NightmareI'm Awake Now
50%
SingleI Won't Back Down
50%
JedJames Dean
50%
Dizzy Up the GirlJanuary Friend
50%
Batman & RobinLazy Eye
50%
Miracle PillLife's a Message
50%
Miracle PillLights
50%
Goo Goo DollsLivin' in a Hut
50%
BoxesLucky One
50%
A Boy Named GooNaked
50%
A Boy Named GooName
50%
Something for the Rest of UsNothing Is Real
50%
AT&T Team USA SoundtrackReal
50%
MagneticRebel Beat
50%
JedRoad to Salinas
50%
SingleRun All Night
50%
GutterflowerSmash
50%
Something for the Rest of UsSoldier
50%
Superstar Car WashStop the World
50%
Goo Goo DollsSunshine of Your Love
50%
Chaos in BloomSuperstar
50%
Hold Me UpThere You Are
50%
Miracle PillThink It Over
50%
GutterflowerTruth is a Whisper
50%
Hold Me UpTwo Days in February
50%
GutterflowerUp, Up, Up
50%
You Should Be HappyWalk Away
50%
GutterflowerWhat Do You Need?
50%
Chaos in BloomYou Are the Answer
50%
Jed7th Last Month
0%
A Boy Named GooAin't That Unusual
0%
Superstar Car WashAlready There
0%
JedArtie
0%
Goo Goo DollsBeat Me
0%
A Boy Named GooBurnin' Up
0%
It's Christmas All OverChristmas All Over Again
0%
It's Christmas All OverChristmas Don't Be Late
0%
Superstar Car WashClose Your Eyes
0%
Goo Goo DollsCome On
0%
Goo Goo DollsDifferent Light
0%
A Boy Named GooDisconnected
0%
Magnetic
Bringing on the Light
0%
Magnetic
Caught in the Storm
0%
Magnetic
More of You
0%
Superstar Car WashDomino
0%
Goo Goo DollsDon't Beat My A** (With a Baseball Bat)
0%
Superstar Car WashDon't Worry
0%
JedDown on the Corner
0%
JedEm Elbmuh
0%
A Boy Named GooEyes Wide Open
0%
Miracle PillFearless
0%
A Boy Named GooFlat Top
0%
BoxesFlood (Feat. Sydney Sierota)
0%
BoxesFree of Me
0%
JedGimmie Shelter
0%
Superstar Car WashGirl Right Next to Me
0%
Let Love InGive A Little Bit
0%
JedHad Enough
0%
MagneticHappiest of Days
0%
Goo Goo DollsHardsores
0%
It's Christmas All OverHark! The Herald Angels Sing
0%
It's Christmas All OverHave Yourself a Merry Little Christmas
0%
RaritiesHit or Miss
0%
Something for the Rest of UsHome
0%
Volume 2I Don't Want to Know
0%
Goo Goo DollsI'm Addicted
0%
A Boy Named GooImpersonality
0%
Miracle PillIndestructible
0%
GutterflowerIt's Over
0%
It's Christmas All Over (Deluxe)I've Got My Love to Keep Me Warm
0%
Volume 2I Wanna Destroy You
0%
Miracle Pill (Deluxe)Just a Man
0%
Hold Me UpJust the Way You Are
0%
MagneticKeep the Car Running
0%
Hold Me UpKevin's Song
0%
Hold Me UpKnow My Name
0%
MagneticLast Hot Night
0%
Hold Me UpLaughing
0%
It's Christmas All OverLet it Snow
0%
Chaos in BloomLet the Sun
0%
Let Love InListen
0%
Miracle PillLost
0%
JedLove Dolls
0%
Chaos in BloomLoving Life
0%
Superstar Car WashLucky Star
0%
Goo Goo DollsMessed Up
0%
Hold Me UpMillion Miles Away
0%
JedMisfortune
0%
Miracle PillMoney, Fame & Fortune
0%
Hold Me UpNever Take the Place of Your Man
0%
Something for the Rest of UsNotbroken
0%
RaritiesNothing Can Change You
0%
JedNo Way Out
0%
Something for the Rest of UsNow I Hear
0%
It's Christmas All Over (Deluxe)One Last Song About Christmas
0%
Something for the Rest of UsOne Night
0%
A Boy Named GooOnly One
0%
Superstar Car WashOn the Lie
0%
JedOut of Sight
0%
Hold Me UpOut of the Red
0%
BoxesOver and Over
0%
Miracle PillOver You
0%
Chaos in BloomPast Mistakes
0%
BoxesPrayer in My Pocket
0%
BoxesReverse
0%
Chaos in BloomSave Me from Myself
0%
Something for the Rest of UsSay You’re Free
0%
Goo Goo DollsScream
0%
JedSex Maggot
0%
It's Christmas All OverShake Hands with Santa Claus
0%
Goo Goo DollsSlaughterhouse
0%
A Boy Named GooSlave Girl
0%
BoxesSo Alive
0%
Superstar Car WashSo Far Away
0%
A Boy Named GooSo Long
0%
A Boy Named GooSomethin' Bad
0%
Hold Me UpSo Outta Line
0%
BoxesSouls in the Machine
0%
Let Love InStay With You
0%
Miracle PillStep in Line
0%
Something for the Rest of UsStill Your Song
0%
Let Love InStrange Love
0%
Superstar Car WashString of Lies
0%
Something for the Rest of UsSweetest Lie
0%
GutterflowerSympathy
0%
RaritiesTake Me Out To The Ball Game
0%
It's Christmas All OverThe Christmas Party
0%
BoxesThe Pin
0%
Miracle Pill (Deluxe)The Right Track
0%
GutterflowerThink About Me
0%
It's Christmas All OverThis is Christmas
0%
Miracle Pill (Deluxe)Tonight, Together
0%
Goo Goo DollsTorn Apart
0%
GutterflowerTucked Away
0%
JedUp Yours
0%
You Should Be HappyUse Me
0%
Volume 2Wait for the Blackout
0%
Chaos in BloomWar
0%
Superstar Car WashWe Are the Normal
0%
Let Love InWe’ll Be Here (When You’re Gone)
0%
MagneticWhen the World Breaks Your Heart
0%
It's Christmas All OverYou Ain't Getting Nothin'
0%
Hold Me UpYou Know What I Mean
0%
GutterflowerYou Never Know
0%

Score Distribution

Percentile by Number Answered

Percent of People with Each Score

Your Score History

You have not taken this quiz since the last reset